00784nam a22002172a 450000100060000000300080000600500170001400800410003103500510007204000320012304100080015508200180016310000320018124500700021326000670028330000210035049000310037150001200040250400200052265000240054229986BD-RjUL20211209051507.0140408s19671965ilu 001 0 eng d aOCLC ocm01823329 from D950314Ma(BD-RjUL)30071 aJPLcJPLdEQOdBD-RjULbeng aeng a109bBRM 19671 aBrehier, Emile.d1876-1952.14aThe Middle Ages and the Renaissance. /cTranslated by Wade Baskin aChicago :bUniversity of Chicago Press,cc1965 [Reprint 1967]. a272 p. ;c21 cm.1 aHistory of philosophyvV-3 aTranslation of: Histoire de la Philosophie: v. 1 L'Antiquite et le Moyen Age. pt. 3. Le Moyen Age et la Renaissance aIncludes Index. 0aPhilosophyxHistory